Movimientos sociales y nuevas prácticas en Argentina. Las Organizaciones piqueteras /
保存先:
| 第一著者: | |
|---|---|
| フォーマット: | テキスト |
| 主題: | |
| タグ: |
タグ追加
タグなし, このレコードへの初めてのタグを付けませんか!
|
MARC
| LEADER | 00000 a a2200000 04500 | ||
|---|---|---|---|
| 001 | 10145 | ||
| 003 | |||
| 040 | |||
| 100 | |a Svampa, Maristella | ||
| 245 | |a Movimientos sociales y nuevas prácticas en Argentina. Las Organizaciones piqueteras / |c Maristella Svampa | ||
| 500 | |a Retoma parte del libro: Entre la ruta y el barrio | ||
| 650 | |a MOVIMIENTOS SOCIALES | ||
| 650 | |a PARTICIPACION SOCIAL | ||
| 650 | |a NEOLIBERALISMO | ||
| 773 | |g número 20; páginas 112-126 | ||
| 999 | |c 35220 |d 35220 | ||
